Some aspects of Malay relativization : a transformational account by deletion /
Saved in:
| Main Author: | |
|---|---|
| Format: | Thesis Book |
| Language: | English |
| Published: |
1981.
|
| Subjects: | |
| Tags: |
Add Tag
No Tags, Be the first to tag this record!
|
| LEADER | 00816cam a2200241 4500 | ||
|---|---|---|---|
| 001 | u35451 | ||
| 003 | SIRSI | ||
| 008 | 850116s1981 uk v 00 1 eng m | ||
| 035 | |a AAD-8170 | ||
| 040 | |a UMM | ||
| 090 | |a PL5081 |b Halwa | ||
| 100 | 0 | 0 | |a Halimah Wok Awang. |
| 245 | 1 | 0 | |a Some aspects of Malay relativization : |b a transformational account by deletion / |c by Halimah Wok Awang. |
| 260 | |c 1981. | ||
| 300 | |a 368 leaves : |b ill. ; |c 29cm. | ||
| 500 | |a Photocopy. | ||
| 502 | |a Thesis (Ph.D.) - School of Oriental and African Studies, London, 1981. | ||
| 504 | |a Bibliography: leaves 355-368. | ||
| 650 | 0 | |a Malay language |x Clauses. | |
| 650 | 0 | |a Malay language |x Deletion. | |
| 948 | |a 16/03/1991 |b 14/06/2002 | ||
| 596 | |a 1 | ||
| 999 | |a F PL5081 HALWA |w LC |c 1 |i A002721013 |d 2/9/1993 |l STACKS |m P01UTAMA |n 2 |r Y |s Y |t TESIS |u 8/1/1992 | ||
